[Event "Vina del Mar Vina CC U2200"]
[Site "Vina del Mar"]
[Date "2019.06.29"]
[Round "?"]
[White "Larrain Cortes, Eugenio Esteban"]
[Black "Rodriguez Fuentealba, Diego"]
[Result "1-0"]
[WhiteElo "1946"]
[BlackElo "1597"]
[PlyCount "101"]
[EventDate "2019.06.29"]
[EventType "swiss"]
[EventRounds "6"]
[EventCountry "CHI"]
[SourceTitle "EXT 2024"]
[Source "ChessBase"]
[SourceDate "2023.10.10"]
[SourceVersion "1"]
[SourceVersionDate "2023.10.10"]
[SourceQuality "1"]

1. b4 e5 2. Bb2 Bxb4 3. Bxe5 Nf6 4. e3 0-0 5. f4 d6 6. Bb2 Nc6 7. Bd3 Re8 8. Qf3 Qe7 9. a3 Ba5 10. Nc3 d5 11. Nce2 Qxe3 12. Bxf6 Qxf3 13. Nxf3 gxf6 14. h3 Bd7 15. g4 Re3 16. Kf2 Re7 17. c3 Rae8 18. Ng3 Bb6+ 19. Kg2 Na5 20. Nh5 Rd8 21. Nxf6+ Kg7 22. g5 Bc6 23. Rhe1 Rxe1 24. Rxe1 d4 25. Be4 dxc3 26. dxc3 Bxe4 27. Rxe4 h6 28. h4 Nb3 29. h5 Nc5 30. Re7 Ne6 31. Kg3 Bc5 32. Rd7 Rxd7 33. Nxd7 Bxa3 34. Kg4 Bc1 35. Nd4 Nxf4 36. Nf5+ Kh7 37. Nf6+ Kh8 38. Nxh6 Kg7 39. Nf5+ Kh8 40. Ne8 Ne6 41. g6 fxg6 42. hxg6 Bb2 43. g7+ Nxg7 44. Nfxg7 Bxc3 45. Ne6 c6 46. Kf5 a5 47. Nd6 b5 48. Kg6 a4 49. Nf7+ Kg8 50. Nh6+ Kh8 51. Nd8 1-0